A First Course in Optimization Theory /

Gespeichert in:
Bibliographische Detailangaben
1. Verfasser: Sundaram Rangarajan K. (Verfasst von)
Format: Buch
Sprache:Englisch
Veröffentlicht: Cambidge Cambridge University Press 2011
Ausgabe:19th
Schlagworte:
Tags: Tag hinzufügen
Keine Tags, Fügen Sie das erste Tag hinzu!

MARC

LEADER 00000nam a22000003a 4500
001 0071310
003 SK-STU
005 20190129122121.1
007 ta
008 190129s ----xo-----e------000-0-----d
020 |a 978-0-521-49770-1 
040 |a STU  |b slo 
041 0 |a eng 
100 1 |a Sundaram Rangarajan K.  |4 aut 
245 1 0 |a A First Course in Optimization Theory /  |c aut. Sundaram Rangarajan K 
250 |a 19th 
260 |a Cambidge  |b Cambridge University Press  |c 2011 
300 |a 357 s. 
650 0 7 |a derivácia funkcie 
996 |b 284J045727  |c J* 118412  |l JJSK  |s A  |a 24  |w 0071310_0001